000 00310nam a2200121Ia 4500
008 190216s9999||||xx |||||||||||||| ||und||
100 _aWiliam Lee Stokes
245 0 _aEssentials Of Earth History
260 _bPrentice Hall Of India Pvt Ltd
_c1965
300 _a492p
650 _aEarth History
942 _cREF
999 _c35130
_d35130